| 000 | 00406nam a2200157Ia 4500 | ||
|---|---|---|---|
| 008 | 221030s9999 xx 000 0 und d | ||
| 020 | _a8177000160 | ||
| 041 | _aEnglish | ||
| 082 | _a105.23 | ||
| 100 | _aA. K. Sawhney | ||
| 245 | 2 | _aA Course In Electrical & Electronic Measurements & Instrumentation | |
| 260 |
_bDhanpat Rai Pub _aDelhi _c2007 |
||
| 300 | _a1558 | ||
| 650 | _aBB ECE & EE | ||
| 942 | _cBK | ||
| 999 |
_c4285 _d4285 |
||